[Event "34. Bayerische Senioren EM"]
[Site "Bergen im Chiemgau"]
[Date "2024.06.04"]
[Round "8.35"]
[White "Schleime, Franz-Josef"]
[Black "Bartl, Bruno"]
[Result "0-1"]
[BlackElo "1845"]
[BlackTeam "SK Bruckmühl"]
[EventDate "2024.??.??"]
[PlyCount "76"]
[WhiteElo "1774"]
[WhiteTeam "SF Lennestadt-Meggen"]

1. d4 Nf6 2. Nf3 c5 3. d5 e6 4. dxe6 fxe6 5. Bg5 Be7 6. c4 O-O 7. Nc3 Nc6 8. e4
d6 9. Be2 e5 10. Bxf6 Bxf6 11. Nd5 Be6 12. O-O Nd4 13. Bd3 Qd7 14. Qd2 Bxd5 15.
exd5 Nxf3+ 16. gxf3 Bh4 17. Be4 Rf4 18. Kh1 Raf8 19. Qe3 R8f6 20. Rg1 Bxf2 21.
Qxf2 Rxe4 22. Qf1 Ref4 23. Rg3 Qf5 24. Qg2 g6 25. Rf1 Rxc4 26. Qe2 Qc2 27. Qe3
Rcf4 28. Rfg1 Kg7 29. R3g2 Qc4 30. Qd2 b6 31. Rg3 Rxf3 32. Rg4 R3f4 33. Qg2
Rxg4 34. Qxg4 Qxd5+ 35. Qg2 Qxg2+ 36. Rxg2 Rf1+ 37. Rg1 Rxg1+ 38. Kxg1 Kf6  0-1

[Event "34. Bayerische Senioren EM"]
[Site "Bergen im Chiemgau"]
[Date "2024.06.04"]
[Round "8.36"]
[White "Thonig, Manfred"]
[Black "Sonntagbauer, Manfred"]
[Result "0-1"]
[BlackElo "1645"]
[BlackTeam "SV Almtal"]
[EventDate "2024.??.??"]
[PlyCount "50"]
[WhiteElo "1717"]
[WhiteTeam "SC Wolfratshausen"]

1. f4 d5 2. Nf3 Nf6 3. e3 Bf5 4. d3 h6 5. Be2 e6 6. O-O Be7 7. Ne5 Nbd7 8. Nd2
c6 9. Ndf3 Nxe5 10. fxe5 Nh7 11. b3 O-O 12. Nd4 Bg6 13. Bg4 c5 14. Nf3 Ng5 15.
Nh4 Nh3+ 16. gxh3 Bxh4 17. Kh1 b6 18. a4 Qc8 19. d4 cxd4 20. exd4 Qxc2 21. Qxc2
Bxc2 22. Ba3 Rfc8 23. Bd1 Bxd1 24. Rfxd1 Rc3 25. b4 Bg5  0-1

[Event "34. Bayerische Senioren EM"]
[Site "Bergen im Chiemgau"]
[Date "2024.06.04"]
[Round "8.37"]
[White "Hansch, Klaus-Michael"]
[Black "Schießl, Hanns"]
[Result "1-0"]
[BlackElo "1753"]
[BlackTeam "FVS ASP Hoyerswerda"]
[EventDate "2024.??.??"]
[PlyCount "135"]
[WhiteElo "1897"]
[WhiteTeam "SC Weisse Dame e.V."]

1. e4 c6 2. d4 d5 3. exd5 cxd5 4. Bd3 Nf6 5. h3 Nbd7 6. Nf3 Qc7 7. Qe2 e6 8. O-O
Bd6 9. Nc3 a6 10. Re1 b5 11. Nd1 Bb7 12. Ng5 O-O 13. Nf3 Rfe8 14. Ne5 Ne4 15.
Nf3 e5 16. Qf1 exd4 17. Nxd4 Ndc5 18. Be3 Nxd3 19. cxd3 Nf6 20. Rc1 Qd7 21. Nc3
Be5 22. a3 Bxd4 23. Bxd4 Qf5 24. Na2 a5 25. b3 h6 26. Rxe8+ Nxe8 27. Rc5 Qf4
28. Be3 Qe5 29. d4 Qe4 30. Qc1 Nd6 31. Nc3 Qd3 32. b4 axb4 33. axb4 Ne4 34.
Nxe4 dxe4 35. Rc7 Bd5 36. Rc8+ Kh7 37. Rxa8 Bxa8 38. Qc8 Bd5 39. Qf5+ Kg8 40.
Qxd5 Qb1+ 41. Kh2 Qxb4 42. Qxe4 Qc4 43. Qe5 b4 44. d5 Qb5 45. Bd4 f6 46. Qe6+
Kh7 47. Qe4+ Kh8 48. d6 b3 49. Qb1 Qb4 50. Qb2 Qxd6+ 51. g3 Qd5 52. Be3 Qc4 53.
Kg1 Kg8 54. h4 Kf7 55. Kg2 Ke6 56. Kf3 Kd5 57. Qd2+ Kc6 58. Qc1 Kb5 59. Qxc4+
Kxc4 60. Bc1 Kc3 61. h5 Kc2 62. Ba3 Kd3 63. Bb2 Kc2 64. Ba1 Kb1 65. Bd4 Kc2 66.
Ke4 Kd2 67. g4 Ke2 68. f4  1-0

[Event "34. Bayerische Senioren EM"]
[Site "Bergen im Chiemgau"]
[Date "2024.06.04"]
[Round "8.38"]
[White "Loibl, Johann"]
[Black "Waltner, Herbert"]
[Result "1-0"]
[BlackElo "1749"]
[BlackTeam "SV Steinhausen"]
[EventDate "2024.??.??"]
[PlyCount "71"]
[WhiteElo "1841"]
[WhiteTeam "ÖSTERREICH"]
[WhiteTeamCountry "AUT"]

1. e4 e6 2. Qe2 Ne7 3. Nf3 d5 4. d3 c6 5. Be3 Ng6 6. g3 Nd7 7. Bg2 Be7 8. O-O
O-O 9. h4 h6 10. h5 Nge5 11. Nxe5 Nxe5 12. f4 Nd7 13. Nd2 b6 14. f5 exf5 15.
exd5 Bg5 16. Bxg5 hxg5 17. dxc6 Re8 18. Qf2 Rb8 19. cxd7 Bxd7 20. Rae1 Qf6 21.
c3 Be6 22. g4 f4 23. Bf3 Red8 24. d4 Qh6 25. Re5 Rdc8 26. d5 Qf6 27. Ree1 Bd7
28. Qd4 Qh6 29. Re7 Rd8 30. Qe5 Rbc8 31. Ne4 f6 32. Qd4 Bc6 33. d6 f5 34. gxf5
Bxe4 35. Qxe4 Qxd6 36. Qe6+  1-0

[Event "34. Bayerische Senioren EM"]
[Site "Bergen im Chiemgau"]
[Date "2024.06.04"]
[Round "8.39"]
[White "Stronk, Klaus"]
[Black "Dreiseitel, Ursula"]
[Result "0-1"]
[BlackElo "1668"]
[BlackTeam "SW Nürnberg Süd"]
[EventDate "2024.??.??"]
[PlyCount "34"]
[WhiteElo "1836"]
[WhiteTeam "SK Freilassing"]

1. d4 Nf6 2. Nf3 g6 3. Nc3 Bg7 4. e4 d6 5. Be3 O-O 6. Be2 Bg4 7. Ng5 Bxe2 8.
Qxe2 e5 9. O-O-O Qe7 10. h4 h6 11. Nh3 Nc6 12. g4 exd4 13. Bxd4 Nxd4 14. Rxd4
Nh7 15. Rd3 Rfe8 16. Nd5 Qxe4 17. Re3 Qxh1+  0-1

[Event "34. Bayerische Senioren EM"]
[Site "Bergen im Chiemgau"]
[Date "2024.06.04"]
[Round "8.40"]
[White "Krause, Marianne"]
[Black "Paul, Ernst"]
[Result "1-0"]
[BlackElo "1781"]
[BlackTeam "ASV J'Adoube Grassau"]
[EventDate "2024.??.??"]
[PlyCount "43"]
[WhiteElo "1693"]
[WhiteTeam "SK Freilassing"]

1. d4 e6 2. Nf3 d5 3. e3 c5 4. b3 cxd4 5. exd4 Nc6 6. Bb2 Be7 7. Bd3 Bf6 8. O-O
Nge7 9. a3 Ng6 10. Re1 O-O 11. Bxg6 hxg6 12. Ne5 Bd7 13. f4 g5 14. Bc1 gxf4 15.
Bxf4 Rc8 16. Qd3 Be8 17. Nd2 Be7 18. Re3 Nxe5 19. Bxe5 f6 20. Rh3 g6 21. Qe3 g5
22. Qd3  1-0

[Event "34. Bayerische Senioren EM"]
[Site "Bergen im Chiemgau"]
[Date "2024.06.04"]
[Round "8.41"]
[White "Puhrer, Achim"]
[Black "Brahn, Helmut"]
[Result "1/2-1/2"]
[BlackElo "1779"]
[BlackTeam "SG Springer Burghaun"]
[EventDate "2024.??.??"]
[PlyCount "45"]
[WhiteElo "1707"]
[WhiteTeam "SF Hoffenheim"]

1. c4 c5 2. g3 d6 3. Bg2 Nf6 4. Nc3 a6 5. a3 e6 6. e4 Qc7 7. Nge2 Nc6 8. O-O Be7
9. d3 h6 10. Bf4 O-O 11. Rb1 Bd7 12. b4 cxb4 13. axb4 e5 14. Bd2 Rab8 15. b5
axb5 16. Nxb5 Qc8 17. f4 Nd8 18. Nec3 Ne6 19. Be3 Nc7 20. Na7 Qd8 21. Bb6 Bg4
22. Qd2 Qd7 23. f5  1/2-1/2

[Event "34. Bayerische Senioren EM"]
[Site "Bergen im Chiemgau"]
[Date "2024.06.04"]
[Round "8.42"]
[White "Melchart, Siegfried"]
[Black "Dreiseitel, Werner"]
[Result "1-0"]
[BlackElo "1724"]
[BlackTeam "SW Nürnberg Süd"]
[EventDate "2024.??.??"]
[PlyCount "113"]
[WhiteElo "1477"]
[WhiteTeam "SF Bad Reichenhall"]

1. b4 Nf6 2. Bb2 g6 3. Nf3 Bg7 4. e3 O-O 5. Be2 d6 6. O-O e5 7. d4 exd4 8. Nxd4
Nbd7 9. Nb3 Nb6 10. a4 Be6 11. N1d2 Nfd5 12. b5 Qd7 13. c4 Ne7 14. Nd4 Bg4 15.
f3 Be6 16. Nxe6 Qxe6 17. e4 Nd7 18. Bxg7 Kxg7 19. Nb3 f5 20. Qd4+ Qf6 21. Qxf6+
Rxf6 22. exf5 Nxf5 23. Bd3 Ne5 24. Bxf5 Rxf5 25. Nd2 Nd3 26. Ra3 Nc5 27. Re1
Raf8 28. a5 R8f7 29. Rae3 a6 30. b6 cxb6 31. axb6 Nd7 32. Ne4 Nxb6 33. Nxd6
R5f6 34. Nxf7 Nxc4 35. Nd8 Nxe3 36. Rxe3 b5 37. Rb3 Kf8 38. Nb7 Rc6 39. g4 Kg7
40. Kf2 Rb6 41. Na5 b4 42. Ke3 Rb5 43. Nc6 a5 44. Kd4 Rg5 45. h4 Rb5 46. Kc4
Rb7 47. Nxa5 Rb8 48. Rxb4 Rxb4+ 49. Kxb4 Kf6 50. Nc6 Ke6 51. Kc4 Kf6 52. Kd5 h6
53. Nd4 Kf7 54. Ke5 Ke7 55. h5 gxh5 56. gxh5 Kf7 57. Nf5  1-0

[Event "34. Bayerische Senioren EM"]
[Site "Bergen im Chiemgau"]
[Date "2024.06.04"]
[Round "8.43"]
[White "Mahrla, Hans"]
[Black "Roß, Heinrich"]
[Result "1-0"]
[BlackElo "1743"]
[BlackTeam "SG Springer Burghaun"]
[EventDate "2024.??.??"]
[PlyCount "79"]
[WhiteElo "1689"]
[WhiteTeam "SC Eichenau"]

1. e4 e5 2. f4 d5 3. exd5 exf4 4. Nf3 Nf6 5. c4 Bd6 6. Qe2+ Qe7 7. Qxe7+ Bxe7 8.
d3 Bb4+ 9. Nc3 O-O 10. a3 Re8+ 11. Kf2 Ng4+ 12. Kg1 Bc5+ 13. d4 Bf8 14. Bxf4
Bd6 15. Bxd6 cxd6 16. Nb5 Re7 17. Nxd6 Nd7 18. Nf5 Re8 19. d6 Ndf6 20. Ne7+ Kf8
21. Re1 Bd7 22. h3 Nh6 23. g4 Nhg8 24. Nxg8 Kxg8 25. Bd3 h6 26. Kf2 b6 27. Ne5
g6 28. c5 bxc5 29. dxc5 Rab8 30. b4 a5 31. c6 Rxe5 32. Rxe5 Bxc6 33. Rf1 Rd8
34. b5 Rxd6 35. bxc6 Rxd3 36. Rc5 Rxa3 37. c7 Ra2+ 38. Kg3 Ra3+ 39. Rf3 Rxf3+
40. Kxf3  1-0

[Event "34. Bayerische Senioren EM"]
[Site "Bergen im Chiemgau"]
[Date "2024.06.04"]
[Round "8.44"]
[White "Scheler, Heinz"]
[Black "Riess, Michael"]
[Result "0-1"]
[BlackElo "1773"]
[BlackTeam "SC Ansbach"]
[EventDate "2024.??.??"]
[PlyCount "106"]
[WhiteElo "1638"]
[WhiteTeam "SC Heilsbronn"]

1. e4 e5 2. Bc4 Nf6 3. Nc3 Bc5 4. Nf3 Nc6 5. Ng5 O-O 6. d3 Na5 7. a3 Nxc4 8.
dxc4 d6 9. Be3 Bxe3 10. fxe3 Ng4 11. Qe2 Qxg5 12. Nd5 c6 13. h4 Qh6 14. Ne7+
Kh8 15. Rh3 Nf6 16. Rh1 Bg4 17. Qd3 Rfe8 18. Nf5 Bxf5 19. exf5 d5 20. O-O-O Ne4
21. Qe2 Ng3 22. Qf3 Nxh1 23. Rxh1 d4 24. g4 Qxe3+ 25. Qxe3 dxe3 26. Re1 Rad8
27. Rxe3 f6 28. b3 Rd4 29. Rg3 Red8 30. g5 Rxh4 31. g6 h6 32. a4 Rf4 33. a5 a6
34. b4 Rxf5 35. b5 Rg5 36. Rb3 cxb5 37. cxb5 Rxg6 38. b6 Rd5 39. Rc3 Rg1+ 40.
Kb2 Rb5+ 41. Rb3 Rxb3+ 42. Kxb3 e4 43. c4 e3 44. c5 e2 45. c6 bxc6 46. Kc4 Rc1+
47. Kd4 e1=Q 48. b7 Qb4+ 49. Kd3 Qxb7 50. Kd4 Qb4+ 51. Kd3 Rc3+ 52. Kd2 Qb2+
53. Kd1 Rc1#  0-1

[Event "34. Bayerische Senioren EM"]
[Site "Bergen im Chiemgau"]
[Date "2024.06.04"]
[Round "8.45"]
[White "Seibold, Günther"]
[Black "Elbert, Helmut"]
[Result "0-1"]
[BlackElo "1657"]
[BlackTeam "SC-SF 1957 Stockstadt"]
[EventDate "2024.??.??"]
[PlyCount "60"]
[WhiteElo "1688"]
[WhiteTeam "SG Traunstein/Traunreut"]

1. c4 c5 2. g3 Nc6 3. Bg2 Nf6 4. Nc3 Rb8 5. e3 d6 6. d4 cxd4 7. exd4 e6 8. Bg5
Be7 9. d5 exd5 10. cxd5 Ne5 11. Nf3 Bg4 12. Qa4+ Bd7 13. Qd4 Nxf3+ 14. Bxf3 h6
15. Bf4 a6 16. O-O O-O 17. Rfe1 Re8 18. b4 Rc8 19. a4 Nh7 20. Rac1 Bf6 21.
Rxe8+ Qxe8 22. Qd3 Bxc3 23. Rxc3 Qe1+ 24. Kg2 Qxc3 25. Be4 Qxd3 26. Bxd3 Nf6
27. Bxd6 Nxd5 28. b5 axb5 29. axb5 b6 30. f4 Nc3  0-1

[Event "34. Bayerische Senioren EM"]
[Site "Bergen im Chiemgau"]
[Date "2024.06.05"]
[Round "9.3"]
[White "Kneutgen, Alexander"]
[Black "Beckers, Manfred"]
[Result "1/2-1/2"]
[BlackElo "1997"]
[BlackTeam "SC Plüderhausen"]
[EventDate "2024.??.??"]
[PlyCount "34"]
[WhiteElo "2038"]
[WhiteTeam "SG Niederkassel"]

1. Nf3 Nf6 2. g3 c5 3. Bg2 g6 4. O-O Bg7 5. d3 O-O 6. e4 d6 7. Nc3 Nc6 8. Be3
Ng4 9. Bd2 Rb8 10. a4 a6 11. h3 Nge5 12. Nxe5 dxe5 13. Nd5 e6 14. Ne3 b5 15.
axb5 axb5 16. b3 Qd6 17. Bc3 Nd4  1/2-1/2

[Event "34. Bayerische Senioren EM"]
[Site "Bergen im Chiemgau"]
[Date "2024.06.05"]
[Round "9.4"]
[White "Taube, Hubertus"]
[Black "Röder, Frank"]
[Result "1/2-1/2"]
[BlackElo "2279"]
[BlackTeam "SV Altensittenbach"]
[PlyCount "190"]
[Time "09:30:00"]
[WhiteElo "2011"]
[WhiteTeam "SK Neuperlach"]

1. d4 d5 2. c4 c6 3. Nf3 Nf6 4. cxd5 cxd5 5. Nc3 Nc6 6. Ne5 Qb6 7. e3 e6 8. Bb5
Bd7 9. Nxd7 Nxd7 10. O-O Bb4 11. Qa4 a6 12. Bd3 O-O 13. Bd2 Rfc8 14. Rac1 Qd8
15. Qd1 Bd6 16. f4 f5 17. Rf3 b5 18. Rh3 Nf6 19. Qe1 Ne7 20. Be2 b4 21. Nd1
Rxc1 22. Bxc1 Rc8 23. Bd2 a5 24. a3 Qb6 25. axb4 axb4 26. Bd3 Ra8 27. Rf3 Ra1
28. Rf1 Qa5 29. h3 Qa4 30. Qe2 Ne4 31. Kh2 Qc6 32. g4 g6 33. Rg1 Nxd2 34. Qxd2
Qc1 35. Qxc1 Rxc1 36. Nf2 Rxg1 37. Kxg1 Nc6 38. Kf1 b3 39. Bb5 Na5 40. Nd3 Kf7
41. Ke2 fxg4 42. hxg4 h5 43. gxh5 gxh5 44. Ba4 Kf6 45. Kf3 Kf5 46. Nc1 Nc4 47.
Bxb3 Nxb2 48. Bc2+ Kf6 49. Ne2 Nc4 50. Ng3 h4 51. Nf1 Be7 52. Kg4 Kf7 53. Bd3
Bf6 54. Be2 Nd6 55. Bd3 Nc4 56. Be2 Nd6 57. Bd3 Kg7 58. f5 exf5+ 59. Bxf5 Kf7
60. Kf4 Ke7 61. Nh2 Nf7 62. Nf3 Nh6 63. Bh3 Kd6 64. Bg2 Bd8 65. Ne1 Ng8 66. Nd3
Ne7 67. Ne5 Ke6 68. Bh3+ Kf6 69. Nf3 Ng6+ 70. Kg4 Bc7 71. Bf1 Bg3 72. Bd3 Bf2
73. Bxg6 Kxg6 74. Nxh4+ Kf6 75. Nf5 Bg1 76. Kf4 Bf2 77. Nh6 Ke6 78. Ng4 Bh4 79.
Nh2 Bd8 80. Nf3 Bc7+ 81. Kg4 Kf6 82. Ne1 Ke6 83. Nd3 Kd6 84. Kf5 Ba5 85. Kf4
Bd2 86. Ne5 Ke6 87. Nf3 Bc1 88. Ne1 Bd2 89. Nd3 Kd6 90. Nc5 Bb4 91. Nb3 Ke6 92.
Nc5+ Kd6 93. Nd3 Bd2 94. Nf2 Ke6 95. Ng4 Bc3  1/2-1/2

[Event "34. Bayerische Senioren EM"]
[Site "Bergen im Chiemgau"]
[Date "2024.06.05"]
[Round "9.5"]
[White "Jagdhuber, Hans"]
[Black "Biller, Helmut"]
[Result "1/2-1/2"]
[BlackElo "1971"]
[BlackTeam "SF Frankfurt"]
[EventDate "2024.??.??"]
[PlyCount "43"]
[WhiteElo "1928"]
[WhiteTeam "SK Rochade Augsburg"]

1. c4 e6 2. Nf3 d5 3. g3 Nf6 4. Bg2 c5 5. O-O Nc6 6. cxd5 exd5 7. d4 Be7 8. Bf4
Bf5 9. Ne5 O-O 10. Nxc6 bxc6 11. Nc3 Re8 12. Na4 c4 13. a3 Bd6 14. Bxd6 Qxd6
15. b3 cxb3 16. Qxb3 Rxe2 17. Rfe1 Ree8 18. Qb7 Qd7 19. Qxd7 Nxd7 20. Rec1 Rec8
21. Bf1 a5 22. Rc3  1/2-1/2

[Event "34. Bayerische Senioren EM"]
[Site "Bergen im Chiemgau"]
[Date "2024.06.05"]
[Round "9.6"]
[White "Christen, Pierre"]
[Black "Schatz, Christian"]
[Result "0-1"]
[BlackElo "2150"]
[BlackTeam "SC Postbauer-Heng"]
[EventDate "2024.??.??"]
[PlyCount "64"]
[WhiteElo "1928"]
[WhiteTeam "IGS Trier"]

1. c4 g6 2. g3 Bg7 3. Bg2 Nf6 4. Nc3 O-O 5. Nf3 d6 6. d3 Nc6 7. O-O e5 8. Bg5 h6
9. Bd2 Be6 10. e4 Qd7 11. Nd5 Ne8 12. b4 Nd8 13. Nh4 c6 14. f4 Bg4 15. Qc1 cxd5
16. f5 Kh7 17. Rf2 dxc4 18. h3 Bh5 19. g4 Qe7 20. f6 Nxf6 21. gxh5 Nxh5 22. Nf3
cxd3 23. Qc4 Nf4 24. Bxf4 exf4 25. Rd1 Ne6 26. Qxd3 Rfd8 27. Rfd2 a5 28. b5 Qc7
29. Kh1 Qc5 30. a4 Rac8 31. h4 Qh5 32. Bh3 Rc3  0-1

[Event "34. Bayerische Senioren EM"]
[Site "Bergen im Chiemgau"]
[Date "2024.06.05"]
[Round "9.7"]
[White "Kieffer, Joachim"]
[Black "Jergler, Karl-Heinz"]
[Result "1/2-1/2"]
[BlackElo "2079"]
[BlackTeam "SC Rottal-Inn"]
[EventDate "2024.??.??"]
[PlyCount "32"]
[WhiteElo "2040"]
[WhiteTeam "SK Bruckmühl"]

1. e4 c5 2. Nf3 Nc6 3. d4 cxd4 4. Nxd4 g6 5. c4 Nf6 6. Nc3 Nxd4 7. Qxd4 d6 8. f3
Bg7 9. Be3 O-O 10. Qd2 Be6 11. Rc1 Qa5 12. b3 Rfc8 13. Be2 a6 14. Na4 Qxd2+ 15.
Kxd2 Nd7 16. g4 Rab8  1/2-1/2

[Event "34. Bayerische Senioren EM"]
[Site "Bergen im Chiemgau"]
[Date "2024.06.05"]
[Round "9.8"]
[White "Schrems, Hermann"]
[Black "Ghijsen, Pim"]
[Result "1-0"]
[BlackElo "2058"]
[BlackTeam "VAS"]
[EventDate "2024.??.??"]
[PlyCount "75"]
[WhiteElo "2069"]
[WhiteTeam "SC Emmendingen"]

1. d4 Nf6 2. Nf3 d5 3. g3 e6 4. Bg2 Be7 5. O-O O-O 6. c4 c6 7. Qc2 b6 8. Rd1 Bb7
9. Nbd2 Nbd7 10. e4 dxe4 11. Nxe4 Nxe4 12. Qxe4 Nf6 13. Qe2 Re8 14. Ne5 Qc7 15.
Bf4 Bd6 16. c5 bxc5 17. dxc5 Bxc5 18. Rac1 Qb6 19. Qc2 Bf8 20. Nc4 Qc5 21. b4
Qh5 22. Na5 Ba6 23. Nxc6 Rac8 24. Bd6 Bxd6 25. Rxd6 Rc7 26. Qd2 Qe2 27. Qxe2
Bxe2 28. a4 e5 29. b5 e4 30. Re1 Bd3 31. Bf1 Bxf1 32. Kxf1 Rec8 33. Red1 Kf8
34. Rd8+ Ne8 35. Rxc8 Rxc8 36. Nxa7 Rc7 37. b6 Rb7 38. a5  1-0

[Event "34. Bayerische Senioren EM"]
[Site "Bergen im Chiemgau"]
[Date "2024.06.05"]
[Round "9.9"]
[White "Dijkstra; M"]
[Black "Hartlieb, Jürgen"]
[Result "0-1"]
[BlackElo "1972"]
[BlackTeam "SC Grunbach"]
[EventDate "2024.??.??"]
[PlyCount "66"]
[WhiteElo "1984"]
[WhiteTeam "SV Dubbelschaak"]

1. c4 e5 2. g3 Nf6 3. Bg2 c6 4. Nf3 e4 5. Nd4 Bc5 6. Nc2 d5 7. cxd5 cxd5 8. O-O
Nc6 9. d3 O-O 10. Nc3 Bf5 11. dxe4 dxe4 12. Bg5 Re8 13. Ne3 Qc8 14. Nxf5 Qxf5
15. Bxf6 gxf6 16. e3 Rad8 17. Qb3 Bb4 18. Ne2 Qe6 19. Qa4 Rd2 20. Nf4 Qe7 21.
Rfd1 Red8 22. a3 b5 23. Qb3 Na5 24. Nd5 Nxb3 25. Nxe7+ Bxe7 26. Rxd2 Rxd2 27.
Rb1 f5 28. Bf1 a6 29. a4 Rd5 30. axb5 axb5 31. Be2 Bf6 32. Kf1 Nc5 33. b3 Nd3 
0-1

[Event "34. Bayerische Senioren EM"]
[Site "Bergen im Chiemgau"]
[Date "2024.06.05"]
[Round "9.10"]
[White "Hess, Christian"]
[Black "Fischer, Manfred"]
[Result "1/2-1/2"]
[BlackElo "1949"]
[BlackTeam "SK Töging"]
[EventDate "2024.??.??"]
[PlyCount "56"]
[WhiteElo "2157"]
[WhiteTeam "FC ST.Pauli"]

1. d4 g6 2. e4 Bg7 3. Nf3 d6 4. Be3 Nd7 5. Qd2 Ngf6 6. Nc3 c6 7. Bh6 O-O 8. e5
Ng4 9. Bxg7 Kxg7 10. h3 Nh6 11. O-O-O Qc7 12. exd6 Qxd6 13. g4 Nb6 14. Bd3 Be6
15. Rhe1 Bd5 16. Ng5 Ng8 17. Qe3 h6 18. Nge4 Bxe4 19. Qxe4 Rad8 20. Bf1 Rfe8
21. Qe5+ Nf6 22. Bg2 e6 23. Qxf6+ Kxf6 24. Ne4+ Kg7 25. Nxd6 Rxd6 26. f4 Red8
27. c3 Nd5 28. Bxd5 Rxd5  1/2-1/2

[Event "34. Bayerische Senioren EM"]
[Site "Bergen im Chiemgau"]
[Date "2024.06.05"]
[Round "9.11"]
[White "Oechslein, Rainer"]
[Black "Röder, Gerd"]
[Result "1/2-1/2"]
[BlackElo "2139"]
[BlackTeam "SV Altensittenbach"]
[EventDate "2024.??.??"]
[PlyCount "22"]
[WhiteElo "2097"]
[WhiteTeam "SK Schweinfurt"]

1. e4 c5 2. Nf3 Nc6 3. Bb5 g6 4. Bxc6 dxc6 5. d3 Bg4 6. h3 Bxf3 7. Qxf3 Bg7 8.
O-O Nf6 9. Nd2 O-O 10. a4 Nd7 11. Qe2 Qc7  1/2-1/2

[Event "34. Bayerische Senioren EM"]
[Site "Bergen im Chiemgau"]
[Date "2024.06.05"]
[Round "9.12"]
[White "Korat, Bernard"]
[Black "Pieper, Thomas"]
[Result "1/2-1/2"]
[BlackElo "2170"]
[BlackTeam "SC Gröbenzell"]
[EventDate "2024.??.??"]
[PlyCount "33"]
[WhiteElo "1943"]
[WhiteTeam "vereinslos"]

1. d4 Nf6 2. Nf3 g6 3. g3 Bg7 4. Bg2 O-O 5. O-O d6 6. c4 c5 7. Nc3 Nc6 8. a3 Bg4
9. d5 Bxf3 10. Bxf3 Ne5 11. Qb3 Nfd7 12. Bf4 Nb6 13. Bxe5 Bxe5 14. Ne4 Rb8 15.
Rab1 Nd7 16. Qc2 a6 17. b3  1/2-1/2

[Event "34. Bayerische Senioren EM"]
[Site "Bergen im Chiemgau"]
[Date "2024.06.05"]
[Round "9.13"]
[White "Stephan, Hubert"]
[Black "Jaeger, Andre"]
[Result "0-1"]
[BlackElo "1942"]
[BlackTeam "SC Rochade (Berlin)"]
[EventDate "2024.??.??"]
[PlyCount "120"]
[WhiteElo "1878"]
[WhiteTeam "SC Prien"]

1. e4 c5 2. Nf3 Nc6 3. c3 Nf6 4. Bd3 g6 5. Bc2 Bg7 6. O-O O-O 7. d3 b6 8. Bf4 d5
9. Nbd2 Nh5 10. exd5 Qxd5 11. Be3 Ba6 12. Nb3 Rad8 13. c4 Qd7 14. Re1 Bxb2 15.
Rb1 Bc3 16. Bd2 Bg7 17. Bg5 h6 18. Be3 e5 19. Qc1 Kh7 20. Qa3 Bc8 21. Nbd2 Nb4
22. Rxb4 cxb4 23. Qxb4 f5 24. Nb3 Bb7 25. Bd2 Bxf3 26. gxf3 Rfe8 27. Bc1 Qc6
28. Nd2 Nf4 29. Ba4 Qf6 30. Nf1 Nxd3 31. Qc3 Nxc1 32. Qxc1 Re7 33. Qc2 Rd4 34.
Kh1 Rc7 35. Bb5 Qd6 36. Kg2 Rc5 37. Qe2 Bf6 38. Qc2 Bg5 39. Qe2 Bf4 40. Qc2 Qd8
41. Kh1 Qc8 42. Qa4 Qb7 43. Kg2 Rd3 44. Ne3 Bxe3 45. Rxe3 Rxe3 46. fxe3 Qe7 47.
Kf2 Rc7 48. Ke2 Qh4 49. Kd3 Qxh2 50. Bc6 Qh4 51. Bd5 Qe7 52. Qb3 h5 53. a4 Qc5
54. Qc3 Qxd5+ 55. cxd5 Rxc3+ 56. Kxc3 Kg7 57. Kd3 Kf7 58. e4 f4 59. Ke2 Ke7 60.
Kd2 Kd6  0-1

[Event "34. Bayerische Senioren EM"]
[Site "Bergen im Chiemgau"]
[Date "2024.06.05"]
[Round "9.16"]
[White "Lehmann, Edwin"]
[Black "Beutelhoff, Josef"]
[Result "1-0"]
[BlackElo "2032"]
[BlackTeam "SF Olfen"]
[EventDate "2024.??.??"]
[PlyCount "43"]
[WhiteElo "1933"]
[WhiteTeam "SK Königsspringer Emden"]

1. f4 d5 2. Nf3 Nf6 3. e3 c5 4. b3 g6 5. Bb2 Bg7 6. Be2 O-O 7. O-O Nc6 8. Qe1
Ne8 9. Bxg7 Kxg7 10. d3 Qd6 11. Qg3 f6 12. Nbd2 Bd7 13. a4 Nc7 14. e4 Ne6 15.
Nh4 Ned4 16. Bd1 Kh8 17. c3 Ne6 18. Nxg6+ hxg6 19. Qxg6 Be8 20. Qh6+ Kg8 21.
Rf3 Ng7 22. Rg3  1-0

[Event "34. Bayerische Senioren EM"]
[Site "Bergen im Chiemgau"]
[Date "2024.06.05"]
[Round "9.17"]
[White "Waltenberger, Udo"]
[Black "Mayr, Günter"]
[Result "1/2-1/2"]
[BlackElo "1925"]
[BlackTeam "RW Klettham SAB"]
[EventDate "2024.??.??"]
[PlyCount "61"]
[WhiteElo "1993"]
[WhiteTeam "SV Eiche Reichenbrand"]

1. Nf3 d5 2. g3 Nc6 3. d4 Bf5 4. Bg2 Nb4 5. Na3 e6 6. c3 Nc6 7. Nc2 Be4 8. O-O
Be7 9. Nce1 Nf6 10. Nd3 h6 11. Nfe5 Bxg2 12. Nxc6 bxc6 13. Kxg2 O-O 14. Ne5 c5
15. Nc6 Qe8 16. Nxe7+ Qxe7 17. dxc5 Qxc5 18. Be3 Qc4 19. Qd3 Qxd3 20. exd3 a6
21. Bc5 Rfb8 22. b4 Nd7 23. Rfb1 Ne5 24. Rd1 Rb7 25. f4 Nd7 26. Bf2 Rc8 27.
Rab1 c5 28. bxc5 Rxb1 29. Rxb1 Nxc5 30. Bxc5 Rxc5 31. Rc1  1/2-1/2

[Event "34. Bayerische Senioren EM"]
[Site "Bergen im Chiemgau"]
[Date "2024.06.05"]
[Round "9.18"]
[White "Brettschneider, Karl"]
[Black "Lechner, Otto"]
[Result "1-0"]
[BlackElo "1913"]
[BlackTeam "TSV Wertingen"]
[EventDate "2024.??.??"]
[PlyCount "37"]
[WhiteElo "1965"]
[WhiteTeam "SC Leinfelden"]

1. c4 Nf6 2. Nc3 e6 3. g3 d5 4. cxd5 exd5 5. d4 c6 6. Bg2 h6 7. Nf3 Bd6 8. O-O
O-O 9. Re1 Bf5 10. Nd2 Re8 11. e4 dxe4 12. Ndxe4 Nxe4 13. Bxe4 Bxe4 14. Nxe4
Qe7 15. Qg4 Na6 16. Bxh6 f5 17. Qxf5 Rf8 18. Qg6 Bb4 19. Ng5  1-0

[Event "34. Bayerische Senioren EM"]
[Site "Bergen im Chiemgau"]
[Date "2024.06.05"]
[Round "9.19"]
[White "Limbach, Torsten"]
[Black "Michalek, Barbara"]
[Result "1-0"]
[BlackElo "1891"]
[BlackTeam "SK Lehrte"]
[EventDate "2024.??.??"]
[PlyCount "85"]
[WhiteElo "1945"]
[WhiteTeam "SV Großhansdorf"]

1. d4 Nf6 2. Nf3 g6 3. g3 Bg7 4. Bg2 d5 5. c4 c6 6. Nbd2 O-O 7. O-O Na6 8. b3 h6
9. Bb2 Be6 10. Re1 Re8 11. a3 Rc8 12. c5 Ne4 13. b4 b6 14. Qa4 Nb8 15. Qxa7 b5
16. a4 Rc7 17. Qa5 bxa4 18. Qxa4 Rb7 19. Nb3 Qc8 20. Nfd2 Nxd2 21. Nxd2 Nd7 22.
Bc3 f5 23. f3 Nb8 24. Reb1 Bd7 25. Qc2 e5 26. e3 e4 27. fxe4 fxe4 28. Nb3 Rf8
29. Na5 Ra7 30. Bf1 Qc7 31. Nb3 Bc8 32. Ra5 Qf7 33. Bg2 Qc7 34. Rba1 Rxa5 35.
bxa5 Rf7 36. a6 Qa7 37. Bf1 Bd7 38. Ba5 Bc8 39. Bb6 Qa8 40. a7 Nd7 41. Na5 Nxb6
42. cxb6 Bb7 43. Nxb7  1-0

[Event "34. Bayerische Senioren EM"]
[Site "Bergen im Chiemgau"]
[Date "2024.06.05"]
[Round "9.20"]
[White "Klein, Gernot"]
[Black "Aßmann, Norbert"]
[Result "1-0"]
[BlackElo "1962"]
[BlackTeam "SF 1967 Sailauf e.V."]
[EventDate "2024.??.??"]
[PlyCount "59"]
[WhiteElo "1834"]
[WhiteTeam "PTSV Aachen"]

1. e4 g6 2. Nc3 Bg7 3. f4 d6 4. Nf3 Nf6 5. Bc4 e6 6. Bb3 O-O 7. O-O Nc6 8. a3 b6
9. d3 Bb7 10. Qe1 Nd7 11. Qg3 Ne7 12. Ng5 Nc5 13. Ba2 d5 14. e5 h6 15. Nf3 Kh7
16. Bd2 Qe8 17. Rae1 Na4 18. Nd1 Rh8 19. d4 b5 20. b3 Nb6 21. Ne3 Nf5 22. Qh3
Nxe3 23. Bxe3 a5 24. Bb1 b4 25. a4 Ba6 26. Rf2 Nd7 27. c3 Bf8 28. cxb4 axb4 29.
Nh4 Rg8 30. f5  1-0